| 000 | 00847nam a22002417a 4500 | ||
|---|---|---|---|
| 001 | 47647 | ||
| 003 | BD-RjUL | ||
| 005 | 20211209054347.0 | ||
| 008 | 160809s1987 bg ||||| |||| 00| 0 ben d | ||
| 020 | _c: TK 50.00 | ||
| 035 | _a(BD-RjUL)47766 | ||
| 040 |
_aBD-RjUL _bben _cBD-RjUL |
||
| 041 | _aben | ||
| 082 |
_223 _a639 _bISM 1987 |
||
| 100 | 1 | 0 |
_aইসলাম, আনোয়ারুল _9144765 |
| 245 | 1 | 0 |
_aমৎস্যবিদ্যা = (Fisheries) / _cআনোয়ারুল ইসলাম |
| 260 |
_aঢাকা : _bবাংলা একাডেমী, _c১৯৮৭ |
||
| 300 |
_a খণ্ড : _bচিত্র ; _c২১ সেমি. |
||
| 505 | 0 | _aখণ্ড ১ -- খণ্ড ২ -- | |
| 650 |
_aমৎস্যবিদ্যা _9144793 |
||
| 650 |
_aFishing _9144794 |
||
| 942 |
_2ddc _cBK |
||
| 999 |
_c47647 _d47647 |
||